| 000 | 00533cam a2200145u 4500 | ||
|---|---|---|---|
| 082 |
_a620.191 _bAME _cL-36, P-38 |
||
| 110 | 2 |
_aAmerican Society for Testing Materials. [from old catalog] _941082 |
|
| 245 | 0 | 0 |
_aSymposium on mineral aggregates, 1948. _bFifty-first annual meeting, American Society for Testing Materials, |
| 260 |
_aPhiladelphia _c[1948] |
||
| 300 |
_a233 p. _billus. _c24 cm. |
||
| 526 |
_a0 _b0 _c0 _d620_191000000000000_AME |
||
| 650 | 0 |
_aAggregates (Building materials) _921284 |
|
| 650 | 0 |
_aMCE _9379 |
|
| 942 |
_2ddc _cBK |
||
| 999 |
_c545277 _d545277 |
||